<?xml version="1.0" encoding="UTF-8"?><?xml-stylesheet type="text/xsl" href="static/style.xsl"?><OAI-PMH xmlns="http://www.openarchives.org/OAI/2.0/" xmlns:xsi="http://www.w3.org/2001/XMLSchema-instance" xsi:schemaLocation="http://www.openarchives.org/OAI/2.0/ http://www.openarchives.org/OAI/2.0/OAI-PMH.xsd"><responseDate>2026-04-27T21:50:02Z</responseDate><request verb="GetRecord" identifier="oai:uvadoc.uva.es:10324/45943" metadataPrefix="marc">https://uvadoc.uva.es/oai/request</request><GetRecord><record><header><identifier>oai:uvadoc.uva.es:10324/45943</identifier><datestamp>2021-06-30T05:23:10Z</datestamp><setSpec>com_10324_38</setSpec><setSpec>col_10324_852</setSpec></header><metadata><record xmlns="http://www.loc.gov/MARC21/slim" xmlns:doc="http://www.lyncode.com/xoai" xmlns:xsi="http://www.w3.org/2001/XMLSchema-instance" xmlns:dcterms="http://purl.org/dc/terms/" xsi:schemaLocation="http://www.loc.gov/MARC21/slim http://www.loc.gov/standards/marcxml/schema/MARC21slim.xsd">
<leader>00925njm 22002777a 4500</leader>
<datafield tag="042" ind1=" " ind2=" ">
<subfield code="a">dc</subfield>
</datafield>
<datafield tag="720" ind1=" " ind2=" ">
<subfield code="a">Caminero Blanco, Laura</subfield>
<subfield code="e">author</subfield>
</datafield>
<datafield tag="260" ind1=" " ind2=" ">
<subfield code="c">2020</subfield>
</datafield>
<datafield tag="520" ind1=" " ind2=" ">
<subfield code="a">During this Final Degree Project, I justify why I am designing an alternative work system focused on working with comparative adjectives in English through literature, more specifically through dramatization using Scaffolding method, and through cooperative work in a year four class.&#xd;
First, I explain the different theories, concepts and views from authors related to the proposal. Then, I explain the activities I have planned, the objectives and the evaluation.&#xd;
I have carried out this project with the aim of proving that English can be taught and learned in a playful and meaningful way using dramatization as an educational tool.</subfield>
</datafield>
<datafield tag="520" ind1=" " ind2=" ">
<subfield code="a">Durante este Trabajo Fin de Grado, justifico por qué he diseñado un sistema de trabajo alternativo basado en trabajar los adjetivos comparativos a través de la literatura, más concretamente con la dramatización, utilizando la técnica del andamiaje y a través del trabajo cooperativo en una clase del cuarto curso de Educación Primaria.&#xd;
Primero, explico las diferentes teorías, conceptos y opiniones de algunos autores relacionados con la propuesta. Después, explico las actividades que he planificado, sus objetivos y la evaluación.&#xd;
He llevado a cabo este proyecto con el objetivo de demostrar que se puede enseñar y aprender inglés de una manera lúdica y significativa utilizando la dramatización como recurso educativo.</subfield>
</datafield>
<datafield tag="024" ind2=" " ind1="8">
<subfield code="a">http://uvadoc.uva.es/handle/10324/45943</subfield>
</datafield>
<datafield tag="245" ind1="0" ind2="0">
<subfield code="a">Didactic proposal to promote dramatization through scaffolding and cooperative work in the acquisition of a foreign language</subfield>
</datafield>
</record></metadata></record></GetRecord></OAI-PMH>